| 000 | 00973nam a22002897a 4500 | ||
|---|---|---|---|
| 001 | 3592 | ||
| 003 | FISKH | ||
| 005 | 20240321151208.0 | ||
| 008 | 240321b cb ||||| |||| 00| 0 eng d | ||
| 020 | _a9780141307107 | ||
| 040 |
_aFISKH _beng _cFISKH _dFISKH |
||
| 050 | _aF334.M753 | ||
| 082 | _a976.1 | ||
| 100 |
_aParks, Rosa _eauthor |
||
| 245 |
_aI am Rosa Parks / _cby Rosa Praks with Jim Haskins ; illustrated by Wil Clay |
||
| 260 |
_aNew York : _bPenguin Group , _c1997 |
||
| 300 |
_a48 pages : _bcolor illustrations ; _c24 cm . |
||
| 490 |
_aPenguin young readers _vLevel 4 |
||
| 505 | _aK | ||
| 520 | _aThe black woman whose acts of civil disobedience led to the 1956 Supreme Court order to desegregate buses in Montgomery, Alabama, explains what she did and why. | ||
| 521 | 8 |
_a520
_bLexile |
|
| 521 | 8 |
_aK
_bRaz-Plus |
|
| 650 |
_aAfrican Americans _vNon-fiction |
||
| 700 | _aClay , Wil | ||
| 942 |
_2ddc _cBK _n0 |
||
| 999 |
_c3592 _d3592 |
||